Prospects and Policies for Visegrad Countries for the Next Decade

Bibliographic Details
Main Author: Roberts, Glyn G. (Author)
Format: Article
Language:English
PhysicalDescription:Tab. 8, lit. 5 zázn. v angl.
ISBN:8071440302
Subjects:

MARC

LEADER 00000nab a2200000 a 4500
001 vtls000534753
003 SK-MaSNL
005 20260318132751.0
008 180320c1994 xo 0 eng
015 |a SNBRA19rr/mm-uuuuu 
035 |a CL0534891 
040 |a SNKBUCL  |b slo  |c SNKBUCL  |e AACR2 
041 0 |a eng 
044 |a xo  |c SK 
080 |a 338.22(4-11)  |2 1981 
100 1 |a Roberts, Glyn G.  |4 aut  |9 1223753 
245 1 0 |a Prospects and Policies for Visegrad Countries for the Next Decade  |c Glyn G. Roberts 
300 |b Tab. 8, lit. 5 zázn. v angl. 
650 0 7 |a ekonomika Visegrádskej štvorky  |2 snkbucl  |9 987403 
650 0 7 |a hospodárska politika  |2 snkbucl  |9 2279 
655 7 |a články zo zborníkov  |2 snkbucl  |9 166140 
773 0 |t European Economic Area and Visegrad Countries Economic Relations  |d Bratislava : Ekonomický ústav SAV, 1994  |g S. 161-172  |z 8071440302 
850 |a Slovenská národná knižnica v Martine  |a MTA001 
852 |a SNK  |b KIS3GCP 
958 |a NB 
958 |a RK 
958 |a CZ 
958 |a HU 
958 |a PL 
992 |a RZB 
999 |c 2149705  |d 2151635